Quiz sulle Isole minori esterne degli Stati Uniti d'America - Statistics

Statistiche generali
  • Questo quiz è stato fatto 13 volte
  • Il punteggio medio è 11 su 22
Statistiche sulle risposte
Definizione Risposta % Corretto
Moneta Dollaro Statunitense
100%
Lingua Ufficiale Inglese
100%
Tutti questi territori sono sparsi in questo oceano e in questo mare Oceano Pacifico
100%
Numero di civili presenti sull'isola di Wake 0
82%
Sull'atollo Johnston vennero fatti questo tipo di test Nucleari
82%
Altitudine massima di Kingman Reef (m s.l.m.) 1
73%
Stato che occupo l'isola di Wake e molti altri di questi territori nella Seconda Guerra Mondiale Giappone
73%
Mar dei Caraibi
73%
L'atollo Johnston è l'isola più a nord di questo continente Oceania
73%
L'isola Baker festeggia sempre per ultima il _____________ Capodanno
64%
Le Isole minori esterne degli Stati Uniti d'America sono una dipendenza di questo Stato Stati Uniti D'America
64%
Altitudine massima sull'atollo Johnson (m s.l.m.) 5
55%
L'atollo di Palmyra si trova a nord di questo Stato oceanico Kiribati
55%
Kingman Reef è situata tra questi due arcipelaghi Hawaii
36%
Stato a nord dell'isola di Navassa Cuba
18%
Stato a est dell'isola di Navassa Haiti
18%
L'isola Jarvis funse da miniera di ______ fino alla fine dell'Ottocento Guano
9%
Kingman Reef è considerato uno dei pochissimi atolli ____________ del pianeta Incontaminati
9%
L'isola Howland, vista dall'alto, ha la forma di un ________ Ovale
9%
L'atollo Johnston viene utilizzata per atterraggi di __________ in casi di emergenza Astronauti
0%
Ex compagnia aerea che costruì un piccolo villaggio sull'isola di Wake che doveva servire nei voli tra USA e Cina Pan American Airways
0%
Samoa Americane
0%
Nessun quiz corrispondente trovato
Distribuzione punteggi
Percentuale di utenti per punteggio
Percentile per numero di risposta
I tuoi punteggi nel tempo
Non hai fatto questo quiz